000 00561nam a2200205Ia 4500
003 GCL
008 140319s9999 xx 000 0 ara d
040 _aGCL /
_cGCL
082 0 4 _a001.5
_bف ا
100 1 _aفايق فهيم
245 1 0 _aالاعلام المعاصر(قضايا واراء) /
_cفايق فهيم
260 _a[S.N] :
_bكتاب الوطن ،
_c1985
300 _a210 ص
490 _a
650 0 4 _aالاتصال
650 0 4 _aالاعلام
650 0 4 _aالدعاية
650 0 4 _aوسائل الاعلام
942 _2ddc
_cBK
999 _c35947
_d35947